| 000 | 00626nam a2200241 a 4500 | ||
|---|---|---|---|
| 999 |
_c10216 _d10216 |
||
| 001 | 10216 | ||
| 003 | BD-JhCC | ||
| 005 | 20180421122023.0 | ||
| 008 | 171214s20072011bg a||a| ||a| 000 0 eng d | ||
| 020 | _a9848272313 | ||
| 035 | _a(BD-JhCC)10216 | ||
| 040 |
_aBD-JhCC _dBD-JhCC |
||
| 041 | _aeng | ||
| 082 |
_a547 _bMEG 2007 |
||
| 100 | _aSaha, Meghnad | ||
| 245 |
_aBiology Second Paper for Classes 11-12 / _cMeghnad Saha; Abu Sayed Biswas |
||
| 260 |
_aDhaka : _bMullick Brothers, _c2007. |
||
| 300 |
_a360 p. : _c27 cm. |
||
| 650 | _aBiology | ||
| 700 | _a Biswas, Abu Sayed | ||
| 942 |
_2ddc _cBK |
||